Educational research: Planning,conducting and evaluating quantitative and qualitative research / (Record no. 868)
| 000 -LEADER | |
|---|---|
| fixed length control field | 00744nam a22002177a 4500 |
| 003 - CONTROL NUMBER IDENTIFIER | |
| control field | OSt |
| 005 - DATE AND TIME OF LATEST TRANSACTION | |
| control field | 20140116120840.0 |
| 008 - FIXED-LENGTH DATA ELEMENTS--GENERAL INFORMATION | |
| fixed length control field | 120131t xxu||||| |||| 00| 0 eng d |
| 020 ## - INTERNATIONAL STANDARD BOOK NUMBER | |
| International Standard Book Number | 978013261394 |
| 040 ## - CATALOGING SOURCE | |
| Original cataloging agency | LoC |
| Language of cataloging | English |
| 050 ## - LIBRARY OF CONGRESS CALL NUMBER | |
| Classification number | LB1028 .C74 2012 |
| 100 ## - MAIN ENTRY--PERSONAL NAME | |
| Relator code | Creswell, John W. |
| 245 ## - TITLE STATEMENT | |
| Title | Educational research: Planning,conducting and evaluating quantitative and qualitative research / |
| Statement of responsibility, etc | John W. Creswell |
| 250 ## - EDITION STATEMENT | |
| Edition statement | 4th ed. |
| 260 ## - PUBLICATION, DISTRIBUTION, ETC. (IMPRINT) | |
| Place of publication, distribution, etc | Boston |
| Name of publisher, distributor, etc | Pearson |
| Date of publication, distribution, etc | 2012 |
| 300 ## - PHYSICAL DESCRIPTION | |
| Extent | xxi, 649pgs |
| Other physical details | ill (some col.), tables |
| 504 ## - BIBLIOGRAPHY, ETC. NOTE | |
| Bibliography, etc | Includes Bibliography and index |
| 505 ## - FORMATTED CONTENTS NOTE | |
| Formatted contents note | an introduction to educational research----the step in the process of research---research designs |
| 650 ## - SUBJECT ADDED ENTRY--TOPICAL TERM | |
| Topical term or geographic name as entry element | Educational research |
| 942 ## - ADDED ENTRY ELEMENTS (KOHA) | |
| Source of classification or shelving scheme | |
| Koha item type | Book |
| Withdrawn status | Lost status | Source of classification or shelving scheme | Damaged status | Not for loan | Home library | Current library | Date acquired | Source of acquisition | Cost, normal purchase price | Total Checkouts | Total Renewals | Full call number | Barcode | Date last seen | Date checked out | Copy number | Price effective from | Koha item type |
|---|---|---|---|---|---|---|---|---|---|---|---|---|---|---|---|---|---|---|
| Riara University Library | Riara University Library | 31/01/2012 | Purchase | 3200.00 | 3 | 1 | LB 1028 .C74 2012 | 3276/11 | 30/07/2014 | 26/06/2014 | C.1 | 31/01/2012 | Book | |||||
| Riara University Library | Riara University Library | 31/01/2012 | Purchase | 3200.00 | 1 | LB 1028 .C74 2012 | 3275/11 | 11/01/2018 | 08/03/2017 | C.2 | 31/01/2012 | Book | ||||||
| Riara University Library | Riara University Library | 31/01/2012 | Purchase | 3200.00 | 22 | 7 | LB 1028 .C74 2012 | 3277/11 | 18/07/2024 | 10/06/2024 | C.3 | 31/01/2012 | Book |
